Využitie 3D údajov v mobilnej robotike

Na minha lista:
Detalhes bibliográficos
Autor principal: Kyseľ, Matúš (Author)
Outros Autores: Dekan, Martin (Thesis advisor)
Formato: Manuscrito Livro
Idioma:eslovaco
Publicado em: 2017
Assuntos:
Acesso em linha:http://is.stuba.sk/zp/portal_zp.pl?podrobnosti=130990
Tags: Adicionar Tag
Sem tags, seja o primeiro a adicionar uma tag!

MARC

LEADER 00000ntm a22000003a 4500
001 stuzp61150
003 SK-STU
005 20170626113222.5
007 ta
008 150427s2015----xo-----f-mn---000-0-slo-d
040 |a STU  |b slo 
041 0 |a slo 
044 |a xo 
100 1 |a Kyseľ, Matúš  |u 031000  |4 aut  |U FEI Fakulta elektrotechniky a informatiky  |T FEI Ústav robotiky a kybernetiky  |X 53655  |U E011  |Y 356  |7 53655 
242 0 1 |a Utilization of 3D data for mobile robotics  |y eng 
245 1 0 |a Využitie 3D údajov v mobilnej robotike 
260 |c 2017 
300 |a 99 s., príl.,  |b CD-ROM 
650 4 |a plánovanie trasy  |2 slo 
650 4 |a mračno bodov  |2 slo 
650 4 |a mobilná robotika  |2 slo 
650 4 |a navigácia  |2 slo 
650 4 |a point cloud  |2 eng 
650 4 |a mobile robotics  |2 eng 
650 4 |a navigation  |2 eng 
650 4 |a path planning  |2 eng 
700 1 |a Dekan, Martin  |u 031000  |k Z1  |4 ths  |U FEI Fakulta elektrotechniky a informatiky  |T FEI Ústav robotiky a kybernetiky  |X 16569  |U E011  |Y 356  |7 A000016569 
856 4 |u http://is.stuba.sk/zp/portal_zp.pl?podrobnosti=130990 
996 |b 284EP11565  |c E*DIPL- 11565  |l EE31  |s P  |a 0  |w stuzp61150_0001